Santurbán: (Registro nro. 20093)

Detalles MARC
000 -CABECERA
Campo de control 00813nam a22002417a 4500
005 - FECHA Y HORA DE LA ULTIMA TRANSACCION
Campo de control 20180803170443.0
008 - ELEMENTOS DE LONGITUD FIJA—INFORMACION GENERAL
Campo de control 180302b xxu||||| |||| 00| 0 spa d
020 ## - ISBN
ISBN 9789585995604
040 ## - FUENTE DE CATALOGACIÓN
Agencia catalogadora original CO-BoIAVH
Agencia transcriptora CO-BoIAVH
041 ## - IDIOMA
Código de idioma para texto/pista de sonido o título separado Español
044 ## - PAÍS DE PUBLICACIÓN
País de publicación Colombia
082 ## - NUMERO DE CLASIFICACION DECIMAL DEWEY
Número de clasificación 578.7538
Número del ítem O42s
100 1# - ASIENTO PRINCIPAL--NOMBRE PERSONAL
Nombre personal Olaya Corzo, Cesar Mauricio
9 (RLIN) 90049
245 1# - MENCION DE TITULO
Título Santurbán:
Parte restante del título un tesoro entre el agua y el cielo
260 ## - PUBLICACION, DISTRIBUCION, ETC. (PIE DE IMPRENTA)
Lugar de publicación, distribución, etc. Bogotá
Nombre del editor, distribuidor, etc. Sociedad Minera de Santander S.A.S, Minesa
Fecha de publicación, distribución, etc. 2017.
300 ## - DESCRIPCION FISICA
Extensión 300 páginas
Otros detalles físicos fotografías a color
Dimensiones 30 x 22cm
650 14 - ASIENTO SECUNDARIO DE MATERIA - TERMINO TEMATICO
Término temático o nombre geográfico como elemento de entrada Páramo Santurbán
Subdivisión general Diversidad de especies
9 (RLIN) 90055
650 14 - ASIENTO SECUNDARIO DE MATERIA - TERMINO TEMATICO
Término temático o nombre geográfico como elemento de entrada Recurso hidrico
Subdivisión general Conservación
9 (RLIN) 90056
650 14 - ASIENTO SECUNDARIO DE MATERIA - TERMINO TEMATICO
Término temático o nombre geográfico como elemento de entrada Minerales
Subdivisión general Extracción
9 (RLIN) 90057
650 14 - ASIENTO SECUNDARIO DE MATERIA - TERMINO TEMATICO
Término temático o nombre geográfico como elemento de entrada Comunidades
9 (RLIN) 92430
650 14 - ASIENTO SECUNDARIO DE MATERIA - TERMINO TEMATICO
Término temático o nombre geográfico como elemento de entrada Recursos naturales
Subdivisión de forma Diversidad
9 (RLIN) 90059
942 ## - ELEMENTOS ADICIONALES (KOHA)
Sistema de clasificación Dewey Decimal Classification
Tipo de ítem Libro
Existencias
Withdrawn status Lost status Sistema de Clasificación Damaged status No para préstamo Colección Ubicación Permanente Ubicación actual Fecha de adquisición Total Checkouts Número topográfico Inventario / Código de Barras Date last seen Ejemplar Price effective from Forma de adquisición Tipo de material
    Dewey Decimal Classification     General Bogotá Bogotá 02/03/2018   LB-578.7538 O42s 043191 02/03/2018 Ej. 1 02/03/2018 Donación Libro